Welcome to the Holygrace Academy Library

Please use search bar below to get started

ALLIED MATHEMATICS (Record no. 1267)

MARC details
000 -LEADER
fixed length control field 00289nam a22001217a 4500
020 ## - INTERNATIONAL STANDARD BOOK NUMBER
ISBN 81-8209-144-6
082 ## - DEWEY DECIMAL CLASSIFICATION NUMBER
Classification number 510
Item number RAS/A
100 ## - MAIN ENTRY--AUTHOR NAME
Personal name RASHEED, ABDUL A
245 ## - TITLE STATEMENT
Title ALLIED MATHEMATICS
260 ## - PUBLICATION, DISTRIBUTION, ETC. (IMPRINT)
Place of publication CHENNAI
Name of publisher VIJAY NICOLE IMPRINTS
Year of publication 2006
650 ## - SUBJECT ADDED ENTRY--TOPICAL TERM
Topical Term MATHS REFERENCE
Geographic subdivision INDIA
942 ## - ADDED ENTRY ELEMENTS (KOHA)
Koha item type Books
Holdings
Withdrawn status Lost status Collection code Home library Current library Shelving location Date acquired Source of acquisition Cost, normal purchase price Full call number Accession Number Koha item type
    Reference Main Library Main Library SHELF-5 A REFERENCE MATHS 23/10/2006 purchase 180.00 510 RAS/A 03338 Books